000 005710000a22001810004500
003 MACL
005 20160228132637.0
008 160228b xxu||||| |||| 00| 0 eng d
040 _aMACL
_cMACL
041 _aHindi
082 _a800
100 _aडॉ विघानिवास मिश्र
_941238
245 _aसत्‍यनारायण ग्रन्‍थावली
260 _bनेशनल पब्लिशिंग हाउस
_c1981
_aदिल्‍ली
350 _a90
650 _aLiteracture
_939932
942 _cHIN
_k800
_2ddc
999 _c28238
_d28238